| 000 | 00523nam a2200145 a 4500 | ||
|---|---|---|---|
| 008 | 120416s2000 ||||||||||||||||| || u | ||
| 050 | _aTK 5103.7 Zie | ||
| 100 | _aZiemer, Rodger E | ||
| 245 | 1 | 0 | _aIntroduction to digital communication |
| 250 | _a2nd ed. | ||
| 260 |
_aNew Jersey _bFT Prentice-Hall _c2000 |
||
| 300 | _axx, 905p. : ill. | ||
| 350 | _a0.00 | ||
| 995 |
_D0.00 _FCBU-MAIN LIBRARY (Kitwe) _H1 _I0.00 _M1 _UDAMAGED _WJul 12, 2006 _ZMain Library Open Access Collection |
||
| 999 |
_c47693 _d47693 |
||